Welcome to the Holygrace Academy Library

Please use search bar below to get started

KHAR PARIVAR KEE SURAKSHA (Record no. 4498)

MARC details
000 -LEADER
fixed length control field 00251nam a22001217a 4500
082 ## - DEWEY DECIMAL CLASSIFICATION NUMBER
Classification number 494
Item number GUP/G
100 ## - MAIN ENTRY--AUTHOR NAME
Personal name GUPTHA,J.P
245 ## - TITLE STATEMENT
Title KHAR PARIVAR KEE SURAKSHA
260 ## - PUBLICATION, DISTRIBUTION, ETC. (IMPRINT)
Place of publication DELHI
Name of publisher RATNA SAGAR
300 ## - PHYSICAL DESCRIPTION
Number of Pages 86
650 ## - SUBJECT ADDED ENTRY--TOPICAL TERM
Topical Term ESSAY
Geographic subdivision DELHI
942 ## - ADDED ENTRY ELEMENTS (KOHA)
Koha item type Books
Holdings
Withdrawn status Lost status Collection code Home library Current library Shelving location Date acquired Source of acquisition Full call number Accession Number Koha item type
    Non-fiction Main Library Main Library   11/01/2016 PURCHASE 494 GUP/G 05345 Books